|
|
|
|
| LEADER |
00000nam0a2200000 4500 |
| 001 |
283692 |
| 005 |
20231101235624.0 |
| 010 |
|
|
|a 9785880703777
|
| 035 |
|
|
|a (RuTPU)RU\TPU\book\307816
|
| 090 |
|
|
|a 283692
|
| 100 |
|
|
|a 20150210d2013 k y0rusy50 ca
|
| 101 |
0 |
|
|a rus
|
| 102 |
|
|
|a RU
|
| 105 |
|
|
|a a z 001zy
|
| 200 |
1 |
|
|a Микро- и наноэлектроника в системах радиолокации
|f Ю. В. Гуляев [и др.]
|
| 210 |
|
|
|a Москва
|c Радиотехника
|d 2013
|
| 215 |
|
|
|a 479 с.
|c ил.
|
| 320 |
|
|
|a Библиогр. в конце гл.
|
| 330 |
|
|
|a В монографии рассмотрены вопросы применения микро- и наноматериалов в радиолокационных системах и их элементной базе. Показано нано- и микроэлектронное исполнение активных фазированных антенных решеток, приемопередающих систем и других узлов РЛС. Представлено современное исполнение на ПАВ резонаторов, фильтров, дисперсионных линий задержки, устройств дистанционной радиочастотной идентификации объектов и других СВЧ-компонентов. Освещены вопросы применения новых материалов, МЭМС- и НЭМС-устройств, принципов нано- и радиофотоники в системах радиолокации. Определены пути создания радиолокационных систем нового поколения.Для научных работников, инженеров, преподавателей, аспирантов и студентов технических вузов.
|
| 606 |
1 |
|
|a Радиолокация
|2 stltpush
|3 (RuTPU)RU\TPU\subj\22835
|9 47522
|
| 610 |
1 |
|
|a элементная база
|
| 610 |
1 |
|
|a материалы
|
| 610 |
1 |
|
|a компоненты
|
| 610 |
1 |
|
|a наноматериалы
|
| 610 |
1 |
|
|a микроматериалы
|
| 610 |
1 |
|
|a производство
|
| 610 |
1 |
|
|a микроэлектроника
|
| 610 |
1 |
|
|a наноэлектроника
|
| 610 |
1 |
|
|a акустоэлектроника
|
| 610 |
1 |
|
|a радиофотоника
|
| 610 |
1 |
|
|a антенны
|
| 610 |
1 |
|
|a функциональные узлы
|
| 610 |
1 |
|
|a монографии
|
| 675 |
|
|
|a 621.396.96
|v 3
|
| 701 |
|
1 |
|a Гуляев
|b Ю. В.
|g Юрий Васильевич
|
| 701 |
|
1 |
|a Бугаев
|b А. С.
|g Александр Степанович
|
| 701 |
|
1 |
|a Быстров
|b Р. П.
|g Рудольф Петрович
|
| 701 |
|
1 |
|a Никитов
|b С. А.
|g Сергей Аполлонович
|
| 701 |
|
1 |
|a Черепенин
|b В. А.
|g Владимир Алексеевич
|
| 801 |
|
1 |
|a RU
|b 63413507
|c 20150210
|
| 801 |
|
2 |
|a RU
|b 63413507
|c 20150220
|g RCR
|
| 942 |
|
|
|c BK
|